LEADER 01897nam a2200397 a 4500 001 000000148892 003 CaOOAMICUS 005 20160128093437.0 008 160128s2013 it bd u000 u ita r 020 $a978-88-498-3921-0* 032 $aLibriCat 040 $aPUL$bita 041 0 $aita$aeng 082 04$a338 100 1 $aLepore, Amedeo.$0(OLS)http://pul/name/95021 245 13$aLa Cassa per il Mezzogiorno e la Banca mondiale :$bun modello per lo sviluppo economico italiano /$cAmedeo Lepore ; prefazione di Adriano Giannola ; introduzione di Giuseppe Di Taranto ; intervento di Riccardo Padovani ; postfazione di Paolo Savona. 260 $aSoveria Mannelli :$bRubbettino,$c©2013. 300 $aXXVII, 327 p. :$bc. geogr., grafici ;$c23 cm. 490 1 $aSaggi. Economia ;$v325 500 $aInclude indice. 504 $aBibliografia in nota. 546 $aInterventi in italiano e inglese. 650 4$aEconomia$xAspetti etici e sociali.$0(OLS)http://pul/subject/40125 700 1 $aGiannola, Adriano.$0(OLS)http://pul/name/95022 700 1 $aDi Taranto, Giuseppe.$0(OLS)http://pul/name/95023 700 1 $aSavona, Paolo.$0(OLS)http://pul/name/93289 700 1 $aPadovani, Riccardo.$0(OLS)http://pul/name/95024 830 0$aSaggi (Rubettino).$pEconomia ;$v325.$0(OLS)http://pul/title/187757 850 $aPUL 852 $aPUL$W1$xSL Diritto e Scienze Sociali 3$y79$m338 LEPAM 1$j171608$qDDC 21$B173106$CPULBib$Z2$F173106 $H126861 $81 941 1 $a9 996 $6020$a978-88-498-3921-0*$9(OLS)http://pul/number/159449 996 $6082$a338$9(OLS)http://pul/classification/647 996 $6245$aLa Cassa per il Mezzogiorno e la Banca mondiale :$bun modello per lo sviluppo economico italiano$9(OLS)http://pul/title/187756 996 $6260$aSoveria Mannelli :$bRubbettino$9(OLS)http://pul/publisher/51639 LEADER 01424nam a2200313 4500 001 000000149606 003 CaOOAMICUS 005 20160420115752.0 008 160222s2015 it 000 u ita r 020 $a978-88-6250-611-3* 032 $aLibriCat 040 $aPUL$bita 082 14$a336.3 100 1 $aCiarrocca, Luca.$0(OLS)http://pul/name/95354 245 10$aRimetti a noi i nostri debiti : $buna nuova lotta di classe contro le oligarchie bancarie /$cLuca Ciarrocca ; prefazione di Giulio Sapelli. 260 $aMilano :$bGuerini e associati,$c©2015. 300 $a191 p. ;$c21 cm. 504 $aBibliografia in nota a piè pagina. 650 4$aPaesi in via di sviluppo$xEconomia.$0(OLS)http://pul/subject/29597 650 4$aDebito pubblico.$0(OLS)http://pul/subject/43056 700 1 $aSapelli, Giulio,$d1947-$0(OLS)http://pul/name/39767 850 $aPUL 852 $aPUL$W1$xSL Diritto e Scienze Sociali 3$y79$m336. 3 CIALU 1$j172254$qDDC 21$B173894$CPULBib$Z2$F173894 $H149606 $81 941 1 $a9 996 $6020$a978-88-6250-611-3*$9(OLS)http://pul/number/159814 996 $6082$a336.3$9(OLS)http://pul/classification/2920 996 $6245$aRimetti a noi i nostri debiti : $buna nuova lotta di classe contro le oligarchie bancarie$9(OLS)http://pul/title/188623 996 $6260$aMilano :$bGuerini e associati$9(OLS)http://pul/publisher/54431